الإرهاب : (رقم التسجيلة. 5396)

تفاصيل مارك
000 -الفاتح
عناصر البيانات ثابتة الطول 00570cam a2200181 i 4500
005 - تاريخ ووقت آخر معاملة
حقل ضبط 20251230091440.0
008 - عناصر البيانات ثابتة الطول
عناصر البيانات ثابتة الطول 250721s1996 ua gr 000 0 ara d
082 14 - رقم تصنيف ديوي العشري
رقم التصنيف 218,8262
رقم المادة م ح م
100 1# - مدخل رئيسي – اسم شخصي
الاسم الشخصي عثمان، محمد موسى
علاقة الشخص بالعمل/ دوره مؤلف.
245 10 - بيان العنوان
العنوان الإرهاب :
بقية العنوان أبعاده و علاجه /
بيان المسؤولية محمد موسى عثمان.
264 31 - بيانات النشر، التوزيع…إلخ
مكان النشر، التوزيع...إلخ القاهرة :
اسم الناشر، الموزع...إلخ مكتبة مدبولي،
تاريخ النشر، التوزيع...إلخ 1996.
300 ## - الوصف المادي
عدد الوحدات المكونة للوعاء 104صفحه.
650 17 - مدخل إضافي بالموضوع - مصطلح موضوعي
مصطلح موضوعي أو اسم جغرافي كعنصر مدخل مصر.
650 17 - مدخل إضافي بالموضوع - مصطلح موضوعي
مصطلح موضوعي أو اسم جغرافي كعنصر مدخل الإرهاب.
650 17 - مدخل إضافي بالموضوع - مصطلح موضوعي
مصطلح موضوعي أو اسم جغرافي كعنصر مدخل الإسلام.
942 ## - بيانات إضافية (كوها)
نوع التنصيف Dewey Decimal Classification
نوع المادة (كوها) كتب
المقتنيات
حالة السحب حالة الفقدان مصدر التصنيف حالة التلف غير قابل للإعارة المكتبة الرئيسية المكتبة الحالية موقع الرف تاريخ التزويد الرقم المتسلسل Total Checkouts رقم الإستدعاء الباركود تاريخ آخر ظهور تاريخ الفاتورة نوع المادة (كوها)
    Dewey Decimal Classification     المكتبة المركزية المكتبة المركزية الإعارة 06/07/2004 224845   218,8262 / م ح م 224845 28/07/2025 06/07/2004 كتب
Implemented & Customized by: BBB with SCIT (Smart Chains for Information Technology)

Powered by Koha